<?xml version="1.0" encoding="UTF-8"?>
<collection xmlns="http://www.loc.gov/MARC21/slim">
 <record>
  <leader>00626pamaa2200169   4500</leader>
  <controlfield tag="001">0000012794</controlfield>
  <controlfield tag="005">20051124090000.0</controlfield>
  <datafield tag="020" ind1="0" ind2="0">
   <subfield code="a">0787902225 </subfield>
  </datafield>
  <datafield tag="082" ind1=" " ind2=" ">
   <subfield code="a">305.906 LES</subfield>
  </datafield>
  <datafield tag="090" ind1="0" ind2="0">
   <subfield code="a">HQ76.3.U5 </subfield>
   <subfield code="b">LES</subfield>
  </datafield>
  <datafield tag="245" ind1="1" ind2="0">
   <subfield code="a">LESBIANS and gays in couples and families : </subfield>
   <subfield code="b">a handbook for therapists  </subfield>
   <subfield code="c">edited by Joan Laird and Robert-Jay Green ; foreword by Monica McGoldrick.</subfield>
  </datafield>
  <datafield tag="260" ind1="0" ind2="0">
   <subfield code="a">San Francisco: </subfield>
   <subfield code="b">Jossey-Bass Publishers, </subfield>
   <subfield code="c">1996.</subfield>
  </datafield>
  <datafield tag="300" ind1=" " ind2=" ">
   <subfield code="a">xvii, 462p.: </subfield>
   <subfield code="b">25cm.</subfield>
  </datafield>
  <datafield tag="650" ind1="0" ind2="0">
   <subfield code="a">Gays -- </subfield>
   <subfield code="x">United States -- </subfield>
   <subfield code="x">Family relationships </subfield>
  </datafield>
  <datafield tag="650" ind1="0" ind2="0">
   <subfield code="a">Family psychotherapy -- </subfield>
   <subfield code="x">United States </subfield>
  </datafield>
  <datafield tag="700" ind1="1" ind2="1">
   <subfield code="a">Laird, </subfield>
   <subfield code="h">Joan </subfield>
  </datafield>
  <datafield tag="700" ind1="1" ind2="1">
   <subfield code="a">Green, </subfield>
   <subfield code="h">Robert-Jay </subfield>
  </datafield>
 </record>
</collection>
